Fr. Conceicao Rodrigues College of Engineering

Pipe fitters & Pipe welder''''s Handbook (Record no. 22921)

MARC details
000 -LEADER
fixed length control field 00346nam a2200157Ia 4500
082 ## - DEWEY DECIMAL CLASSIFICATION NUMBER
Classification number 671.024
100 ## - MAIN ENTRY--PERSONAL NAME
Personal name Frankland/ T.W.
250 ## - EDITION STATEMENT
Edition statement IV
245 ## - TITLE STATEMENT
Title Pipe fitters & Pipe welder''''s Handbook
260 ## - PUBLICATION, DISTRIBUTION, ETC.
Name of publisher, distributor, etc. Bailey Bros
Place of publication, distribution, etc. Chicago
Date of publication, distribution, etc. 1973
300 ## - PHYSICAL DESCRIPTION
Extent 175
546 ## - LANGUAGE NOTE
Language note ENGLISH
650 ## - SUBJECT ADDED ENTRY--TOPICAL TERM
Topical term or geographic name entry element Fitter
654 ## - SUBJECT ADDED ENTRY--FACETED TOPICAL TERMS
Focus term Pipe fitters
942 ## - ADDED ENTRY ELEMENTS (KOHA)
Koha item type BOOK
Holdings
Withdrawn status Lost status Damaged status Not for loan Collection Home library Current library Shelving location Date acquired Source of acquisition Cost, normal purchase price Inventory number Total Checkouts Full call number Barcode Date last seen Cost, replacement price Price effective from Koha item type
        AFT Fr. Agnel's C.Rodrigues College of Engineering Fr. Agnel's C.Rodrigues College of Engineering   17/03/2023 UBS 24.00 T-196   671.024 AFT2788 17/03/2023 24.00 17/03/2023 BOOK